| 000 | 00644cam a22002053a 4500 | ||
|---|---|---|---|
| 001 | 44621 | ||
| 003 | PGUSA | ||
| 005 | 20140828084023.0 | ||
| 008 | 140108s2014||||xxu|||||s|||||000 | eng d | ||
| 040 |
_aPGUSA _beng |
||
| 042 | _adc | ||
| 100 | 1 | _aCopyright Office. Library of Congress. | |
| 245 | 1 | 0 |
_aMotion Pictures 1960-1969 : _bCatalog of Copyright Entries _h[electronic resource] / _cCopyright Office. Library of Congress. |
| 260 |
_bProject Gutenberg, _c2014 |
||
| 506 | _aPublic domain in the USA. | ||
| 516 | _aElectronic text | ||
| 830 | 0 |
_aProject Gutenberg _v44621 |
|
| 856 | 4 | 0 | _uhttp://www.gutenberg.org/ebooks/44621 |
| 942 | _cEB | ||
| 999 |
_c273872 _d273872 |
||